Chargement en cours…

Community Health Narratives : A Reader

Détails bibliographiques
Autres auteurs: Ackerman, Brian (Collaborateur), Burque, Hannah Adams (Illustrateur), Choucair, Bechara (Auteur de l'introduction, etc.), Wollner, Kathy, 1986- (Éditeur intellectuel), Mendenhall, Emily, 1982- (Éditeur intellectuel)
Format: Électronique eBook
Langue:Inglés
Publié: Albuquerque [New Mexico] : University of New Mexico Press, 2015
Collection:Book collections on Project MUSE.
Sujets:
Accès en ligne:Texto completo

MARC

LEADER 00000cam a22000004a 4500
001 musev2_76959
003 MdBmJHUP
005 20230905051939.0
006 m o d
007 cr||||||||nn|n
008 160722r20152015nmu o 00 0 eng d
020 |a 9780826355607 
020 |z 9780826355591 
035 |a (OCoLC)904249362 
040 |a MdBmJHUP  |c MdBmJHUP 
245 0 0 |a Community Health Narratives :   |b A Reader 
264 1 |a Albuquerque [New Mexico] :  |b University of New Mexico Press,  |c 2015 
264 3 |a Baltimore, Md. :  |b Project MUSE,   |c 2021 
264 4 |c ©2015 
300 |a 1 online resource (328 pages):   |b illustrations 
336 |a text  |b txt  |2 rdacontent 
337 |a computer  |b c  |2 rdamedia 
338 |a online resource  |b cr  |2 rdacarrier 
500 |a Includes index 
588 |a Description based on print version record. 
650 7 |a Public health  |2 fast  |0 (OCoLC)fst01082238 
650 7 |a Medical care  |2 fast  |0 (OCoLC)fst01013753 
650 7 |a Community health services  |2 fast  |0 (OCoLC)fst00870958 
650 0 |a Medical care  |v Cross-cultural studies. 
650 0 |a Public health  |v Cross-cultural studies. 
650 0 |a Community health services  |v Cross-cultural studies. 
655 7 |a Cross-cultural studies  |2 fast  |0 (OCoLC)fst01423769 
655 7 |a Electronic books.   |2 local 
700 1 |a Ackerman, Brian,  |e contributor 
700 1 |a Burque, Hannah Adams,  |e illustrator 
700 1 |a Choucair, Bechara,  |e author of introduction, etc 
700 1 |a Wollner, Kathy,  |d 1986-  |e editor 
700 1 |a Mendenhall, Emily,  |d 1982-  |e editor 
710 2 |a Project Muse.  |e distributor 
830 0 |a Book collections on Project MUSE. 
856 4 0 |z Texto completo  |u https://projectmuse.uam.elogim.com/book/76959/ 
945 |a Project MUSE - Custom Collection 
945 |a Project MUSE - Archive Complete Supplement IX 
945 |a Project MUSE - Archive Public Health and Health Policy Supplement II